00844nam a22002292a 450000100060000000300080000600500170001400800410003103500510007204000370012304100080016008200240016810000250019224500590021726000430027630000180031965000680033770000430040594200120044899900170046095201370047718661BD-RjUL20211209000321.0140222s1957 enka j 000 1 eng d a(BD-RjUL)18719aOCLC ocm08053265 from D950321M aYXFcYXFdUKMdEQOdBD-RjULbeng aeng04221a823.9bBLF 19571 aBlyton, Enid.95746610aFive go to Billycock Hill /cillus. by Eileen A. Soper aLondon :bHodder and Stoughton,c1957. a182 p. ;bill 0a Famous Five (Fictitious characters) vJuvenile fiction.9574671 aSoper, Eileen Alice,d1905-1990957468 2ddccBK c18661d18661 00102ddc40708NFICaRUCLbRUCLcReadingd1982-04-21eAsia foundationl0o823.9 BLF 1957r2014-02-22 00:00:00tC-1w2014-02-22yBK